| 000 | 00595cam a22002294a 4500 | ||
|---|---|---|---|
| 005 | 20250605164258.0 | ||
| 008 | 250528s ||||||||||||||||||||||||d | ||
| 035 | _a21948 | ||
| 020 | _a9780262510868 | ||
| 040 |
_aGR-AtMCL _bgre _dGR-AtMCL _eAACR2 |
||
| 245 | 1 | _aLINGUISTICS: AN INTRODUCTION TO LANGUAGE AND COMMUNICATION | |
| 250 | _a4 | ||
| 260 |
_bMit Press, _c1995 |
||
| 300 | _a576 | ||
| 700 | 1 |
_aAkmajian, Adrian _97828 |
|
| 700 | 1 |
_aDemers Richard A _97829 |
|
| 700 | 1 |
_aFarmer Ann K _97830 |
|
| 700 | 1 |
_aHarnish Robert M _97831 |
|
| 942 | _cBK | ||
| 999 |
_c7005 _d7005 |
||